Online Catalogue and eLibrary

Lenin : (Record no. 2759)

MARC details
000 -LEADER
fixed length control field 00410nam a2200169Ia 4500
005 - DATE AND TIME OF LATEST TRANSACTION
control field 20240517025258.0
008 - FIXED-LENGTH DATA ELEMENTS--GENERAL INFORMATION
fixed length control field 240331s9999 xx 000 0 und d
082 ## - DDC Classification
Item Number - Author Mark LEN
Class No. 335
245 #0 - TITLE STATEMENT
Title Lenin :
Remainder of title last letters and articles
250 ## - EDITION STATEMENT
Edition statement 5 th
260 ## - PUBLICATION, DISTRIBUTION, ETC.
Place of publication, distribution, etc. Moscow
Name of publisher, distributor, etc. Progress Publisher
Date of publication, distribution, etc. 1977
300 ## - PHYSICAL DESCRIPTION
Extent (e.g. Volumes, Pages etc.) 71 p .,
650 ## - SUBJECT ADDED ENTRY--TOPICAL TERM
Topical term or geographic name entry element Political
650 ## - SUBJECT ADDED ENTRY--TOPICAL TERM
Topical term or geographic name entry element Laws
700 ## - ADDED ENTRY--PERSONAL NAME
Personal name Soviet Republicals
Relator term (Role) Editor
942 ## - Koha item type (Biblio)
Koha item type Books in Stacks (Lending)
Holdings
Lost status Damaged status Collection code Home library Current library Shelving location Date acquired Full call number Accession Number Item type
    Lending WERC Library WERC Library Social Science Cupboard 03/31/2024 335 LEN 428 Books in Stacks (Lending)

© WERC Library